000 01510nam a22001337a 4500
005 20260107115453.0
020 _a9781394195084
082 _a566
_bBEN.V
245 _a Vertebrate palaeontology
_cMichael J Benton
260 _aHoboken, NJ
_bJohn Wiley & Sons
_c 2024
504 _ahttps://search.worldcat.org/en/title/1417082217
520 _a"Vertebrate Palaeontology, 5th Edition provides a complete account of the evolution of vertebrates, including the macroevolutionary trends and drivers that have shaped their organs and body plans. In the fifth edition of this popular text, the author has again added numerous recent examples of breakthrough discoveries as well as the researchers who made them, connecting students with the excitement of a new fossil find. Richly illustrated with cladograms of all major vertebrate taxa, its phylogenetic focus makes it an up-to-date source of vertebrate evolution. A strong macroevolutionary focus highlights the key transitions such as terrestrialisation, endothermy, flight and impacts of mass extinctions on biodiversity. The ecological drivers behind the origin of chordates, origin of vertebrates, origin of limbs, origin of jaws, terrestrial limbs, feathers and hairs, bird and mammal innovations are described in detail along with the fossil record. The didactical features have been enhanced and include new functional and developmental feature spreads, key questions and extensive references to useful web sites"-- Provided by publisher
942 _2ddc
_cBK
999 _c754853
_d754853